000
00224nam a22001097a 4500
040
_c
HS
082
_a
611
100
_a
JUAN V. PANCHO
245
_a
AQUATIC V. PANCHO
260
_a
Indonesia
_b
JUAN V. PANCHO
_c
1978
942
_c
EK
999
_c
8755
_d
8755